[Event "Aspe 4th"]
[White "Oropesa Serrano, Manuel"]
[Black "Ramirez Ramirez, Jose David"]
[Site "Aspe"]
[Round "9"]
[Result "0-1"]
[Date "2012.06.16"]
[WhiteElo "1012"]
[BlackElo "1422"]
[PlyCount "52"]
[EventDate "2012.04.21"]
[EventType "tourn"]
[EventRounds "11"]
[EventCountry "ESP"]
[SourceTitle "EXT 2024"]
[Source "ChessBase"]
[SourceDate "2023.10.10"]
[SourceVersion "1"]
[SourceVersionDate "2023.10.10"]
[SourceQuality "1"]

1. d4 Nf6 2. c4 d6 3. d5 b5 4. b3 bxc4 5. bxc4 g6 6. Bb2 Bg7 7. g3 c6 8. Bg2 Nbd7 9. Nd2 Qa5 10. Qc2 Rb8 11. Ngf3 0-0 12. 0-0 Rxb2 13. Qxb2 Nxd5 14. Qc2 Bxa1 15. Rxa1 Qc3 16. Qd1 N5b6 17. e4 Ne5 18. Rc1 Nxf3+ 19. Bxf3 Qd4 20. h4 h5 21. Qe2 Be6 22. Kg2 Kg7 23. Kh2 Qb2 24. Rd1 Nd7 25. g4 hxg4 26. Bxg4 Qf6 0-1

[Event "Aspe 4th"]
[White "Ramirez Ramirez, Jose David"]
[Black "Oropesa Serrano, Nicolas"]
[Site "Aspe"]
[Round "8"]
[Result "1-0"]
[Date "2012.06.09"]
[WhiteElo "1422"]
[BlackElo "1257"]
[PlyCount "65"]
[EventDate "2012.04.21"]
[EventType "tourn"]
[EventRounds "11"]
[EventCountry "ESP"]
[SourceTitle "EXT 2024"]
[Source "ChessBase"]
[SourceDate "2023.10.10"]
[SourceVersion "1"]
[SourceVersionDate "2023.10.10"]
[SourceQuality "1"]

1. e4 e5 2. Nf3 Nc6 3. Bb5 a6 4. Ba4 b5 5. Bb3 Bb4 6. c3 Ba5 7. 0-0 d6 8. h3 Nf6 9. Qe2 0-0 10. d4 Be6 11. Bc2 Bc4 12. Bd3 Bxd3 13. Qxd3 d5 14. Nbd2 Re8 15. b4 Bb6 16. Re1 dxe4 17. Nxe4 Nxe4 18. Rxe4 f6 19. Bd2 Qd5 20. Rae1 Nd8 21. Rh4 g6 22. Qe3 Nf7 23. Re4 c6 24. Nh2 Bc7 25. Ng4 Kg7 26. dxe5 fxe5 27. c4 bxc4 28. Bc3 Rad8 29. f4 Nd6 30. Rxe5 Qf7 31. Rxe8+ Qf6 32. Qe7+ Nf7 33. Qxf6# 1-0

[Event "Aspe 4th"]
[White "Ramirez Ramirez, Jose David"]
[Black "Magdaleno Puche, Jose Manuel"]
[Site "Aspe"]
[Round "5"]
[Result "1/2-1/2"]
[Date "2012.05.19"]
[WhiteElo "1422"]
[BlackElo "1615"]
[PlyCount "32"]
[EventDate "2012.04.21"]
[EventType "tourn"]
[EventRounds "11"]
[EventCountry "ESP"]
[SourceTitle "EXT 2024"]
[Source "ChessBase"]
[SourceDate "2023.10.10"]
[SourceVersion "1"]
[SourceVersionDate "2023.10.10"]
[SourceQuality "1"]

1. d4 d5 2. c4 c6 3. cxd5 cxd5 4. Nc3 Nf6 5. Nf3 Nc6 6. Bf4 Bf5 7. e3 e6 8. Bd3 Bxd3 9. Qxd3 Bd6 10. Bxd6 Qxd6 11. 0-0 0-0 12. Rac1 a6 13. a3 b5 14. b4 Rac8 15. Rc2 Rc7 16. Rfc1 Rfc8 1/2-1/2